Mise

Bibliographic Details
Other Authors: McIntire, Christian 1964- (Director)
Format: Video DVD
Language:Czech
English
Hungarian
PhysicalDescription:1 videodisk (DVD) (85 min.) zvuk DD 5.1, fareb., PAL 4:3
Published: Bratislava Intersonic 2009
Subjects:

MARC

LEADER 00000ngm a2200000 a 4500
001 vtls009938345
003 SK-MaSNL
005 20260302044252.0
007 vd cvaizs
008 090811s2009 xo 085 e vlcze
040 |a SNK  |b slo  |c SNK  |e AACR2 
041 1 |a cze  |a eng  |a hun  |b cze  |b hun  |h eng 
044 |a xo  |c SK 
072 7 |a 791  |x Film. Cirkus. Ľudová zábava  |2 konspekt 
080 |a 791.221.9  |2 2001 
080 |a (0.034.44)  |2 2001 
130 0 |a Phantom Force  |l Česky  |9 699802 
245 1 0 |a Mise  |h videozáznam  |c [réžia] Christian McIntire 
260 |a Bratislava  |b Intersonic  |c 2009 
300 |a 1 videodisk (DVD) (85 min.)  |b zvuk DD 5.1, fareb., PAL 4:3 
500 |a Vyšlo ako príloha dvojtýždenníka DVD HIT č. 13/2009 
500 |a Názov z obalu 
511 0 |a Hrá Richard Griego 
521 8 |a Mládeži do 15 r. nevhodné 
546 |a V originálnom angl. znení, obsahuje český a maďarský dabing a titulky 
650 0 7 |a hrané filmy  |2 SNKPH  |9 68885 
655 7 |a horory (filmy)  |2 SNKPH  |9 243197 
655 7 |a DVD  |2 SNKPH  |9 70751 
700 1 |a McIntire, Christian  |d 1964-  |4 drt  |9 699803 
999 |c 1089113  |d 1091043 
952 |a SNK  |b SNK  |y PREZ  |7 0  |p 17A0627969  |o snkSDVD 564  |i snk2009/14602  |8 0  |0 0  |1 0  |4 0  |d 2009-08-11  |l 0  |r 2026-02-24 16:52:12  |w 2026-02-24